Statistiques concernant Les différents types de Pokéballs

Cliquez ici pour prendre le quiz!

Statistiques générales

  • Ce quiz a été pris 1 446 fois
  • Le résultat moyen est 19 sur 28

Statistiques - réponses

IndicesPokéballs% Correct
ClassiquePoké Ball
100%
AmélioréeSuper Ball
100%
Encore amélioréeHyper Ball
99%
Capture assuréeMaster Ball
98%
Pour les safarisSafari Ball
95%
Pour les Pokémon eau ou insecteFilet Ball
85%
Pour les impatientsRapide Ball
85%
Pour soigner le Pokémon capturéSoin Ball
82%
Pour les endroits lugubresSombre Ball
82%
C'est la maison qui offre, c'est cadeauHonor Ball
81%
Pour quand le combat s'éterniseChrono Ball
75%
Pour les Pokémon de sexe opposé à celui de votre Pokémon (noigrumes)Love Ball
75%
Pour les Pokémon faiblesFaiblo Ball
72%
Pour tisser des liens d'amitié avec le Pokémon capturéLuxe Ball
66%
Pour les capture sous-marineScuba Ball
64%
Pour les Pokémon les plus lourds (noigrumes)Masse Ball
63%
Pour les U.C.Ultra Ball
63%
Pour les Pokémon évoluant avec une pierre lune (noigrumes)Lune Ball
62%
Pour les Pokémon déjà attrapésBis Ball
59%
Pour les Pokémon rapides (noigrumes)Speed Ball
54%
Pour les Pokémon de haut niveauNiveau Ball
52%
Pour les Pokémon que vous rêvez d'avoirRêve ball
49%
Augmente le bonheur du Pokemon apès capture (noigrumes)Copain Ball
48%
Pour les Pokémon poisson (noigrumes)Appât Ball
40%
Pokéball or et argentGS Ball
40%
Introuvable dans le jeu de manière conventionnelleMémoire Ball
35%
Pour le parc des amisParc Ball
31%
Pour le concours de capture de Pokémon insecteCompét Ball
19%

Distribution des résultats

Percentile par nombre de réponses

% des personnes avec chaque résultat

Votre développement - résultats

Vous n’avez pas pris ce quiz